Kpop idols 4ème génération (2022) - Statistiques

Statistiques générales
  • Ce quiz a été pris 1 115 fois
  • Le résultat moyen est 66 sur 150
Statistiques - réponses
Indice Réponse % Correct
Bang chan
95%
Felix
94%
Han
93%
I.N
91%
Stray Kids Hyunjin
90%
Castle J
88%
Changbin
88%
J
88%
Lee know
88%
Itzy Lia
84%
Soeun
84%
MCND Win
84%
Yeji
84%
Seungmin
83%
Aespa Karina
82%
Winter
82%
Yuna
82%
Giselle
80%
Enhypen Niki
79%
Ryujin
79%
Ningning
78%
Huening Kai
76%
Jake
76%
Sakura
75%
Soobin
75%
TxT Yeonjun
75%
Soyeon
74%
Iz*one | Lesserafim Chaewon
73%
New Jeans Danielle
73%
Jay
73%
(G)-idle Minnie
73%
Chaeryeong
72%
Go Won
72%
San
71%
Yuqi
71%
Kazuha
69%
Sunoo
69%
Yunjin
69%
Heeseung
68%
Lily
68%
Beomgyu
67%
Eunchae
67%
Sunghoon
66%
Wonyoung
66%
Miyeon
65%
Hanni
64%
Shuhua
64%
Ive Yujin
62%
Jungwon
61%
Liz
60%
Minji
60%
Olivia Hye
60%
Ateez Wooyoung
59%
Mingi
57%
Rei
56%
Blackswan Fatou
55%
Gaeul
55%
Haerin
55%
Hyein
53%
Leeseo
52%
Yeosang
51%
Bae
50%
Jongho
50%
Seonghwa
50%
Haewon
49%
Hongjoong
49%
Yunho
49%
Sullyoon
47%
Jiwoo
44%
Nmixx Kyujin
44%
Eric
38%
Q
37%
Bahiyyih
36%
Chaeyeon
36%
Yena
33%
Kep1er Hikaru
32%
Moon Sua
32%
Kevin
31%
Xiaoting
31%
Yoon
30%
Sunwoo
29%
Kwon Eunbi
28%
Billlie Tsuki
28%
Yuri
27%
StayC Isa
26%
New
26%
Sieun
26%
Weeekly Soojin
26%
Jacob
24%
Mashiro
24%
Seeun
23%
Dayeon
22%
Hitomi
22%
Yves
22%
Minju
21%
Nako
21%
Yeseo
21%
Chaehyun
20%
Juyeon
20%
Kim Lip
20%
Sumin
20%
Leedo
19%
Hyewon
18%
Vivi
17%
Choerry
16%
Heejin
16%
Hyunjae
16%
Ju Hak Nyeon
16%
Monday
16%
The Boyz Sangyeon
16%
Xion
16%
Youngeun
16%
Younghoon
16%
Pixy Sua
15%
Bic
14%
Leia
14%
Gabi
13%
Loona Haseul
13%
Hwanwoong
13%
JinSoul
13%
Oneus Seoho
13%
Yeojin
13%
Keonhee
12%
Minjae
12%
Sheon
11%
Sriya
11%
Haram
10%
Haruna
9%
Huijun
9%
Dia
8%
Lola
8%
Jihan
7%
Siyoon
7%
Zoa
7%
Dajeong
6%
Rinji
6%
Chowon
5%
Suhyeon
5%
Hina
4%
Jaehee
4%
Juhyeon
4%
Nayoung
4%
Lightsum Sangah
4%
Yujeong
3%
Aucun quiz correspondant
Distribution des résultats
% des personnes avec chaque résultat
Percentile par nombre de réponses
Votre historique - résultats
Vous n’avez pas pris ce quiz